| 000 | 00733nam a2200205Ia 4500 | ||
|---|---|---|---|
| 999 |
_c55825 _d55825 |
||
| 003 | GCL | ||
| 005 | 20240530105420.0 | ||
| 008 | 140319s9999 xx 000 0 ara d | ||
| 040 |
_aGCL / _cGCL |
||
| 082 | 0 | 4 |
_a182.7 _bا م |
| 100 | 1 | _aاسماعيل المهدوى | |
| 245 | 1 | 0 |
_aمعنى الديمقراطية : _bنقد عقلانى لا طبقى لنظرية حكم البروليتاريا / _cاسماعيل المهدوى |
| 260 |
_aالقاهرة : _bاسماعيل المهدى ، _c0 |
||
| 300 |
_a219 ص ؛ _c23 سم |
||
| 650 | 0 | 4 | _aالديمقراطية |
| 650 | 0 | 4 | _aالليبرالية |
| 650 | 0 | 4 | _aالديمقراطية وحقوق الانسان |
| 650 | 0 | 4 | _aالايديولوجية |
| 942 |
_2ddc _cBK |
||